Nicaragua
Guardat en:
| Autor principal: | |
|---|---|
| Format: | Text |
| Publicat: |
San Salvador:
FLACSO. Programa El Salvador
|
| Matèries: | |
| Etiquetes: |
Afegir etiqueta
Sense etiquetes, Sigues el primer a etiquetar aquest registre!
|
MARC
| LEADER | 00000 a a2200000 04500 | ||
|---|---|---|---|
| 001 | 27038 | ||
| 003 | |||
| 040 | |||
| 090 | |a 183318 | ||
| 100 | |a Ortega, Manuel | ||
| 245 | |a Nicaragua | ||
| 260 | |a San Salvador: |b FLACSO. Programa El Salvador | ||
| 300 | |a 231 p.; vol. 5 | ||
| 650 | |a LEGISLACION | ||
| 650 | |a GOBIERNO LOCAL | ||
| 650 | |a DESCENTRALIZACION | ||
| 650 | |a SISTEMAS POLITICOS | ||
| 650 | |a SISTEMAS POLITICOS | ||
| 999 | |c 1770 |d 1770 | ||
